000 00469nam a2200169Ia 4500
003 GCL
008 140319s9999 xx 000 0 eng d
040 _aGCL /
_cGCL
082 0 4 _a335.2
_bD L
100 1 _aD'IVRAY, JEHAN
245 1 0 _aL'AVENTURE SAINT = SIMONIENNE ET LES FEMMES /
_cD'IVRAY, JEHAN
260 _aفرنسا :
_bLIBRAIRIE FELIX ALCAN ،
_c1930
300 _a227 P:
_bILL ؛
_c30 cm.
650 0 4 _aSOCIOLOGY
650 0 4 _aEMIGRATION
942 _2ddc
_cBK
999 _c19228
_d19228